Krby a kachľové pece /
Gespeichert in:
| Hauptverfasser: | , |
|---|---|
| Format: | Buch |
| Sprache: | Slowakisch |
| Veröffentlicht: |
Bratislava :
Vydavateľstvo Jaga,
1996
|
| Ausgabe: | 1. vyd. |
| Schlagworte: | |
| Tags: |
Keine Tags, Fügen Sie das erste Tag hinzu!
|
MARC
| LEADER | 00000nam a22000003a 4500 | ||
|---|---|---|---|
| 001 | stu13760 | ||
| 005 | 20190325171732.3 | ||
| 008 | 970526s1996----xo------------------slo-d | ||
| 020 | |a 80-967095-6-9 | ||
| 040 | |a STU |b slo | ||
| 041 | 0 | |a slo | |
| 044 | |a xo | ||
| 100 | 1 | |a Havaš, Peter, |d 1935- |4 aut |u A1110 |U FAD Fakulta architektúry |T FA Ústav architektúry obytných budov |X 496 |U A1110 |Y 392 |7 A000000496 | |
| 245 | 1 | |a Krby a kachľové pece / |c aut. Peter Havaš, Vladimír Institoris | |
| 250 | |a 1. vyd. | ||
| 260 | |a Bratislava : |b Vydavateľstvo Jaga, |c 1996 | ||
| 300 | |a 194 s. | ||
| 650 | 7 | |a krby |2 stusub | |
| 650 | 7 | |a pece |2 stusub | |
| 700 | 1 | |a Institoris, Vladimír |4 aut | |
| 996 | |b 284AU02138 |c A*2976 U |l AAKNAR |s A |a 24 |w stu13760_0001 | ||
| 996 | |b 284AU07316 |c A* 10564/U |l AAKNAR |s A |a 24 |w stu13760_0002 | ||